| 000 | 00898nam a22003137a 4500 | ||
|---|---|---|---|
| 001 | BR6700518 | ||
| 003 | BR-BrBNA | ||
| 005 | 20230928083503.0 | ||
| 007 | ta | ||
| 008 | 230509b bl.||||| |||| 00| 0 por d | ||
| 040 |
_aBR-BrBNA _bpor _cBiblioteca Nacional de Agricultura |
||
| 041 | _a(Por) | ||
| 072 |
_aL00; L10; L30 _b5100 _b1900 _b8954 _b/G514 |
||
| 090 | _ 5100 BR6700518 | ||
| 100 | 1 | _aCastro, A.C.G. | |
| 110 | 1 |
_aUniversidade Rural do Estado de Minas Gerais, Vicosa (Brasil). Escola Superior de Agricultura _911286 |
|
| 245 | 1 | _aNocoes sobre equideos [pastagem, racao, raca, Brasil] | |
| 260 | 3 |
_aVicosa, MG (Brasil): _c1967. |
|
| 300 | _a65 p. | ||
| 500 | _a15 ref.; 35 illus. | ||
| 650 | _aEQUINO | ||
| 650 | _aRACAO | ||
| 650 | _aPASTAGEM | ||
| 650 | _aRACA | ||
| 650 | _aCRIACAO | ||
| 650 | _aESTRUTURA ANIMAL | ||
| 909 |
_a202309 _bLucia _c55 _dLucia Elande |
||
| 942 | _cBK | ||
| 999 |
_c13751 _d13751 |
||